Mars v boji o svetovládu

Piata najväčšia súkromná spoločnosť Mars v USA a filozofia podnikania jej majiteľov. História vzniku a vývoja spoločnosti na výrobu čokoládových tyčiniek. Začiatok rozmachu spoločnosti počas 1. svetovej vojny. Pridruženie spoločností M&M, Kal Kan Foods a Uncle Ben`s. Agresívna reklama spoločnosti....

Ausführliche Beschreibung

Gespeichert in:
Bibliographische Detailangaben
1. Verfasser: Polakovič, Ivan
Format: Buchkapitel
Sprache:Slowakisch
Schlagworte:
Tags: Tag hinzufügen
Keine Tags, Fügen Sie das erste Tag hinzu!

MARC

LEADER 00000naa$a2200000$$$4500
001 0029018
005 20231009070501.3
041 0 |a slo 
044 |a SK 
245 1 0 |a Mars v boji o svetovládu  |c Ivan Polakovič 
520 |a Piata najväčšia súkromná spoločnosť Mars v USA a filozofia podnikania jej majiteľov. História vzniku a vývoja spoločnosti na výrobu čokoládových tyčiniek. Začiatok rozmachu spoločnosti počas 1. svetovej vojny. Pridruženie spoločností M&M, Kal Kan Foods a Uncle Ben`s. Agresívna reklama spoločnosti. Sponzor významných športových podujatí. 
610 2 0 |a podnikanie 
610 2 0 |a podnikanie medzinárodné 
610 2 0 |a trh svetový 
610 2 0 |a obchod 
610 2 0 |a potraviny 
610 2 0 |a čokoláda 
610 2 0 |a podpora predaja 
610 2 0 |a reklama 
610 2 0 |a sponzorovanie 
610 2 0 |a zisk 
610 2 0 |a USA 
610 2 0 |a Mars 
100 1 |a Polakovič, Ivan